000 00919nam a2200253Ia 4500
003 OSt
005 20250124091153.0
008 210716s2014 xx 000 0 und d
020 _a9788184249521
040 _cAIMIT LIBRARY
041 _aeng
082 _a001.0725514
_21
_b REDK
100 _aReddy, K Ramamohan.
_9195045
245 _aHydrology and watershed management /
_cEdited by K Ramomohan Readdy and B Venkateswara Rao, C Sarala.
250 _a1st ed.
260 _aHyderabad :
_c2014.
_bCentre for Water Resources ,
300 _axix,680p. ;
_bHB
_c25.5 cm
500 _aVolume-1 and Volume-2
650 _aGroundwater exploration and exploitation
_9195046
650 _aRS&GIS applications in water resources
_9195047
650 _aWatershed management: hydrogical socio- economic and cultural models
_9195048
700 _aReddy, K Ramamohan., ed.
_9195049
942 _2ddc
_cBK
_e1st
_k001.0725514 REDK
999 _c194445
_d194445